000 00447nam a2200157Ia 4500
003 GCL
008 140319s9999 xx 000 0 eng d
040 _aGCL /
_cGCL
082 0 4 _a005.13
_bR M
100 1 _aREMALEY, WILLIAM A.
245 1 0 _aMARKET BASE- E 1994 - 1995 USER'S MANUAL : FOR USE WITH MARKET BASE - E /
_cREMALEY, WILLIAM A.
260 _a[S.N] :
_bIRWIN ،
_c1995
650 0 4 _aCOMPUTER
650 0 4 _aMARKET BASE
942 _2ddc
_cBK
999 _c12085
_d12085